000 00667nam a2200217Ii 4500
003 JO-AjNU
008 230605s9999||||xx |||||||||||||| ||und||
017 _a2004/3014
020 _a977-305-667-8
040 _aJO-AjNU
_bara
_erda
_cJO-AjNU
041 _aara
050 1 4 _aPT63.H3998 2003
100 3 _aحواس ،زاهي,
_eauthor
_919126
245 0 0 _aمعجزة الهرم الاكبر
264 3 1 _aعمان :مكتبة الاسرة ،2003
300 _a173ص
_bصور توضيحية
336 _atext
_btxt
_2rdacontent
337 _aunmediated
_bn
_2rdamedia
338 _avolume
_bnc
_2rdacarrier
650 4 _aالاهرام-الاثار-مصر
_919127
999 _aA6248
_c9816
_d9816